| 000 | 01241 a2200193 4500 | ||
|---|---|---|---|
| 003 | Nust | ||
| 005 | 20221017150750.0 | ||
| 020 | _a8176355003 | ||
| 040 | _cNust | ||
| 082 | _a005.756,WAY | ||
| 100 |
_aWaymire, Richard _9100530 |
||
| 245 |
_aSams teach yourself microsoft SQL server 2000 in 21 days / _cRichard Waymire and Rick Sawtell |
||
| 260 |
_aNew Delhi _bTechmedia _c2001 |
||
| 300 | _a850 p.: | ||
| 505 | _aIntroducing Relational Databases And Microsoft SQL Server 2000 (Page-9), Installing Microsoft SQL Server 2000 (Page-23), Working With SQL Server 2000 Management Tools And Utilities (Page-63), Creating And Administering Databases And Data Files (Page-111), Setting Up Login And User Security (Page-145), Backing Up Your Databases (Page-219), Data Types And Creating Tables (Page-297), Retrieving Data With The SELECT Statement (Page-325), Modifying Data (Page-375), Using Transact –SQL Extensions (Page-393), Indexing For Performance (Page-429), Creating Views, Triggers, Stored Procedures And Functions (Page-513), Understanding Replication Design Methodologies (Page-549), Bonus Days at a glance (Page-745). | ||
| 650 |
_aSQL server 2000 _9100531 |
||
| 651 |
_a(Include CD) _98953 |
||
| 942 |
_2ddc _cBK _k005.756,WAY |
||
| 999 |
_c194755 _d194755 |
||